000 01179nam a2200217Ia 4500
003 OSt
005 20241030091537.0
007 ca aa aaaaa
008 201103s9999 xx 000 0 und d
040 _cSSBUL
041 _abur
082 _223
_a၂၉၄.၃၄၄၃ သိ
_b၉၁၁၁ S-SAT
100 0 _aသိရိန္ဒာဘိဝံသ ၊ အရှင်၊ ဆရာတော်(ယော)
_917265
245 1 0 _aအနုတ္တရိယဂုဏ်အင်သပြေကန်ထေရ်အရှင်နှင့်ဘဝတစ်ကွေ့ခဏတွေ့တရားတော် /
_cဆရာတော်အရှင်သိရိန္ဒာဘိဝံသ(ယော)၊ စီစဉ်သူ အရှင်ဝါသေဋ္ဌ။
260 _aရန်ကုန် ၊
_bနှင်းဦးလွင်စာပေ၊
_c၂၀၀၃။
300 _a၉၇ စာမျက်နှာ ၊
_c၁၉ စင်တီ။
500 _aS-SAT: Dr. Sai Aung Tun
650 _aဗုဒ္ဓဘာသာ
_xတရားတော်
_913507
700 _aဝါသေဋ္ဌ
_cအရှင်
_eစီစဉ်သူ
_955109
942 _2ddc
_cBK1
999 _c16626
_d16626